MEDICAL EMERGENCIES IN GENERAL PRACTICE (Record no. 30650)

MARC details
000 -LEADER
fixed length control field 00415nam a22001697a 4500
003 - CONTROL NUMBER IDENTIFIER
control field SGT
020 ## - INTERNATIONAL STANDARD BOOK NUMBER
International Standard Book Number 9789354656637
082 ## - DEWEY DECIMAL CLASSIFICATION NUMBER
Classification number 616.068
Item number M24G
100 ## - MAIN ENTRY--PERSONAL NAME
Personal name GUPTA, SP.
245 ## - TITLE STATEMENT
Title MEDICAL EMERGENCIES IN GENERAL PRACTICE
250 ## - EDITION STATEMENT
Edition statement 10TH
260 ## - PUBLICATION, DISTRIBUTION, ETC. (IMPRINT)
Place of publication, distribution, etc INDIA
Name of publisher, distributor, etc JAYPEE PUB
Year of Publication 2024
300 ## - PAGE DESCRIPTION
No. of Pages 445
650 ## - SUBJECT ADDED ENTRY--TOPICAL TERM
Topical term or geographic name as entry element EMERGENCY MEDICINE
653 ## - KEYWORDS--INDEX TERM
Keyword term MEDICAL EMERGENCIES IN GENERAL PRACTICE
942 ## - ADDED ENTRY ELEMENTS (KOHA)
Source of classification or shelving scheme Dewey Decimal Classification
Koha item type Books
Holdings
Withdrawn status Lost status Source of classification or shelving scheme Damaged status Not for loan Collection code Home library Current library Shelving location Date acquired Vendor Name Cost, normal purchase price SGTU Bill Number Full call number Accession No. (Barcode) Date last seen Bill Date Koha item type Total Checkouts
    Dewey Decimal Classification   Not For Loan MEDICAL SGT Medical Library SGT Medical Library Reference Book 11/02/2025 ABC DELHI 825.00 SGTU 20461 616.068 M24G FM14826 04/04/2025 11/02/2025 Books  
    Dewey Decimal Classification     MEDICAL SGT Medical Library SGT Medical Library Text Book 11/02/2025 ABC DELHI 825.00 SGTU 20461 616.068 M24G FM14827 04/04/2025 11/02/2025 Books